000
00332nam a2200145Ia 4500
008
200103s9999||||xx |||||||||||||| ||und||
020
_a
0671688138,
040
_a
IMU-MPC
082
_a
Column-63
100
_a
Buck, Pearl S.
245
4
_a
The good earth
260
_b
Pocket Books, New York
_c
1939
300
_a
260
942
_c
BK
999
_c
11255
_d
11255